[Event "Ulm/Neu Ulm-ch"]
[Site "Ulm/Neu Ulm"]
[Date "2005.??.??"]
[Round "?"]
[White "Spaeth, Daniel"]
[Black "Roig Werner, Ida"]
[Result "1-0"]
[WhiteElo "1651"]
[BlackElo "1292"]
[PlyCount "93"]
[EventDate "2005.11.26"]
[EventType "swiss"]
[EventRounds "7"]
[EventCountry "GER"]
[SourceTitle "EXT 2011"]
[Source "ChessBase"]
[SourceDate "2010.11.26"]
[SourceVersion "1"]
[SourceVersionDate "2010.11.26"]
[SourceQuality "1"]

1. e4 c5 2. Nc3 e6 3. g3 Nc6 4. Bg2 a6 5. d3 b5 6. f4 g6 7. Nf3 Nd4 8. 0-0 d6 9. e5 d5 10. Nxd4 cxd4 11. Ne2 Bc5 12. Kh1 Qb6 13. c3 Bb7 14. b4 Be7 15. Nxd4 Bxb4 16. Ne2 Be7 17. Rb1 h5 18. h4 Nh6 19. a4 Ng4 20. d4 Qc6 21. axb5 axb5 22. Qb3 b4 23. cxb4 Rc8 24. Rf3 Qc2 25. Qxc2 Rxc2 26. Rb2 Rc4 27. Rc3 Rxb4 28. Rxb4 Bxb4 29. Rb3 Ba6 30. Rxb4 0-0 31. Bf3 Nf2+ 32. Kg2 Bxe2 33. Bxe2 Ne4 34. Bd3 Ra8 35. Bxe4 dxe4 36. Bb2 Rc8 37. Kf2 Rc2+ 38. Ke3 Rg2 39. Kxe4 Rxg3 40. Rb8+ Kg7 41. d5 exd5+ 42. Kxd5 Rd3+ 43. Ke4 Rd2 44. e6+ Rxb2 45. Rxb2 fxe6 46. Ke5 g5 47. fxg5 1-0